000 00470nam a2200133Ia 4500
008 171212s9999 xx 000 0 und d
020 _a9780833044020
100 _aAaron, David
245 _cAaron, David
_aIn Their Own Words
_bVoices of Jihad- Compilation and Commentary
260 _bRAND Corporation
_c2008
650 _aJihad; War -- Religious aspects -- Islam; Islamic fundamentalism
650 _aPolitical Science
856 _uwww.jstor.org/stable/10.7249/mg602rc
999 _c352213
_d352213